Nanotechnology / (رقم التسجيلة. 31074)
[ عرض عادي ]
| 000 -الفاتح | |
|---|---|
| حقل البيانات ثابتة الطول | 00533nam a2200205 a 4500 |
| 001 - رقم الضبط | |
| رقم الضبط | ASIN8180940640 |
| 003 - محدد رقم الضبط | |
| رقم الضبط | OSt |
| 005 - وقت وتاريخ اخر تعامل مع التسجيلة | |
| رقم الضبط | 20150408114141.0 |
| 008 - عناصر البيانات ثابتة الطول - معلومات عامة | |
| حقل البيانات ثابتة الطول | 131001s2011 xxu eng d |
| 020 ## - الرقم الدولى المعيارى للكتب | |
| الرقم الدولى المعيارى للكتاب | 8180940640 (paperback) |
| 020 ## - الرقم الدولى المعيارى للكتب | |
| الرقم الدولى المعيارى للكتاب | 9788180940644 (paperback) |
| 040 ## - مصدر الفهرسة | |
| وكالة الفهرسة الأصلية | Ma-Un |
| 082 ## - رقم تصنيف ديوى العشرى | |
| رقم الطبعة | 22 |
| رقم التصنيف | 620.5 |
| 100 1# - المدخل الرئيسى - إسم شخصى | |
| الإسم الشخصى | Shanmugam, S. |
| 9 (RLIN) | 37512 |
| 245 10 - بيان العنوان | |
| العنوان | Nanotechnology / |
| بيان المسئوليه,etc | S. Shanmugam. |
| 260 ## - PUBLICATION, DISTRIBUTION, ETC. (IMPRINT) | |
| مكان الناشر او الموزع | New Delhi : |
| اسم الناشر او الموزع | Mjp Publishers, |
| تاريخ النشر أو التوزيع | 2011. |
| 300 ## - الوصف المادى | |
| التعداد | 274 P. |
| أبعاد الوعاء | 24cm |
| 650 ## - المدخل الاضافى بالموضوع-مصطلح موضوعى | |
| مصطلح موضوعي أو اسم جغرافي كعنصر مدخل | Nanotechnology |
| 942 ## - عناصر المدخل الإضافي( كوها) | |
| مصدر التصنيف او مخطط الترفيف | Dewey Decimal Classification |
| Koha [default] item type | كتاب |
| حالة الفقد | نموذج السعر الفعال | حالة تلف | ليس للاعارة | رقم الطلب | رقم النسخة | تاريخ الاكتساب | الموقع الحالي | الباركود | الفرع الرئيسي | Date last checked out | Date last seen | نوع المادة فى نظام كوها | مصدر التصنيف او خطة الترفيف | Total Checkouts |
|---|---|---|---|---|---|---|---|---|---|---|---|---|---|---|
| 2013-10-07 | 620.5 SSN | n1 | 2013-10-07 | المكتبة المركزية بالمجمعة (CL) | 00451431 | المكتبة المركزية بالمجمعة (CL) | 2014-03-18 | 2014-06-12 | كتاب | Dewey Decimal Classification | 1 | |||
| 2013-10-07 | 620.5 SSN | n2 | 2013-10-07 | المكتبة المركزية بالمجمعة (CL) | 00451430 | المكتبة المركزية بالمجمعة (CL) | 2013-10-07 | كتاب | Dewey Decimal Classification | |||||
| 2013-10-07 | Not For Loan | 620.5 SSN | n3 | 2013-10-07 | المكتبة المركزية بالمجمعة (CL) | 00451434 | المكتبة المركزية بالمجمعة (CL) | 2013-10-07 | كتاب | Dewey Decimal Classification | ||||
| 2013-10-07 | 620.5 SSN | n1 | 2013-10-07 | مكتبة مجمع الكليات بالزلفى - طلاب (SZM) | 00451432 | مكتبة مجمع الكليات بالزلفى - طلاب (SZM) | 2013-10-07 | كتاب | Dewey Decimal Classification | |||||
| 2013-10-07 | 620.5 SSN | n2 | 2013-10-07 | مكتبة مجمع الكليات بالزلفى - طلاب (SZM) | 00451433 | مكتبة مجمع الكليات بالزلفى - طلاب (SZM) | 2013-10-07 | كتاب | Dewey Decimal Classification | |||||
| 2013-10-07 | Not For Loan | 620.5 SSN | n3 | 2013-10-07 | مكتبة مجمع الكليات بالزلفى - طلاب (SZM) | 00451435 | مكتبة مجمع الكليات بالزلفى - طلاب (SZM) | 2013-10-07 | كتاب | Dewey Decimal Classification |
